书目信息 |
| 题名: |
建筑类专业英语:建筑管理与财会(第一册)
|
|
| 作者: | 孙玮 , 陆铁镛 主编 | |
| 分册: | ||
| 出版信息: | 北京 中国建筑工业出版社 1997.06 |
|
| 页数: | 182页 | |
| 开本: | 16开 | |
| 丛书名: | ||
| 单 册: | ||
| 中图分类: | H319.4:TU | |
| 科图分类: | ||
| 主题词: | 英语 | |
| 电子资源: | ||
| ISBN: | 7-112-03040-4 | |
| 000 | 00667nam0 2200205 45 | |
| 001 | 0005090924 | |
| 005 | 20001209105407.0 | |
| 010 | @a7-112-03040-4@d12.40元 | |
| 100 | @a20000509d1997 km y0chiy0120 ea | |
| 101 | 0 | @achi |
| 105 | @a z 000yy | |
| 200 | 1 | @a建筑类专业英语:建筑管理与财会(第一册)@AJian ZhuLei Zhuan Ye Ying Yu:Jian Zhu Guan Li Yu Cai Kuai(Di Yi Ce)@f陆铁镛,孙玮主编@FLu Tie Yong,Sun Wei ZhuBian |
| 210 | @a北京@c中国建筑工业出版社@d1997.06 | |
| 215 | @a182页@d16开 | |
| 606 | 0 | @a英语 |
| 690 | @aH319.4:TU@v3 | |
| 701 | 0 | @a孙玮@4主编 |
| 701 | 0 | @a陆铁镛@4主编 |
| 801 | @aCN@bPftUser@c20000509 | |
| 905 | @dH319.4:TU@eL926@b300794-803@f10 | |
| 建筑类专业英语:建筑管理与财会(第一册)/陆铁镛,孙玮主编.-北京:中国建筑工业出版社,1997.06 |
| 182页;16开 |
| ISBN 7-112-03040-4:12.40元 |
| ● |
| 相关链接 |
|
|
|
正题名:建筑类专业英语:建筑管理与财会(第一册)
索取号:H319.4:TU/L926
 
预约/预借
| 序号 | 登录号 | 条形码 | 馆藏地/架位号 | 状态 | 备注 |
| 1 | 300794 | 203007940 | 语言库209/400B社科库 8排3列1层/ [索取号:H319.4:TU/L926] | 在馆 | |
| 2 | 300795 | 203007959 | 语言库209/400B社科库 8排3列1层/ [索取号:H319.4:TU/L926] | 在馆 | |
| 3 | 300796 | 203007968 | 社科二线400B/400B社科库 9排4列2层/ [索取号:H319.4:TU/L926] | 在馆 | |
| 4 | 300797 | 203007977 | 社科二线400B/400B社科库 7排4列1层/ [索取号:H319.4:TU/L926] | 在馆 | |
| 5 | 300798 | 203007986 | 语言库209/400B社科库 8排3列1层/ [索取号:H319.4:TU/L926] | 在馆 | |
| 6 | 300799 | 203007995 | 语言库209/400B社科库 8排3列1层/ [索取号:H319.4:TU/L926] | 在馆 | |
| 7 | 300800 | 203008002 | 社科二线400B/400B社科库 6排4列1层/ [索取号:H319.4:TU/L926] | 在馆 | |
| 8 | 300801 | 203008011 | 社科二线400B/400B社科库 6排3列1层/ [索取号:H319.4:TU/L926] | 在馆 | |
| 9 | 300802 | 203008020 | 社科二线400B/400B社科库 8排3列1层/ [索取号:H319.4:TU/L926] | 在馆 | |
| 10 | 300803 | 203008039 | 社科二线400B/400B社科库 7排3列1层/ [索取号:H319.4:TU/L926] | 在馆 |